| 000 | 00387nam a2200169Ia 4500 | ||
|---|---|---|---|
| 008 | 230524s9999 xx 000 0 und d | ||
| 020 | _a0074623265 | ||
| 082 |
_a4.133 _bPHI |
||
| 100 | _aA.S.Philiopakis | ||
| 245 | 0 | _aStructured Cobol | |
| 250 | _a3RD | ||
| 260 |
_aNEW DELHI _bTMH _c1998 |
||
| 300 | _aXV;421 | ||
| 500 | _aQuantity Number: 2 | ||
| 650 | _aComp-Sc | ||
| 942 | _cBK | ||
| 999 |
_c24290 _d24290 |
||